000 00518nam a22001577a 4500
999 _c16892
_d16892
008 180629b xxu||||| |||| 00| 0 eng d
020 _a0803612945
100 _aDoenges, Marilynn E.
245 _aNursing Care Plans
_bGuidelines for individualizing client care across the life span
_cMarilynn E. Doenges
250 _a7th ed.
260 _aPhiladelphia
_bDavis Company
_c2006
300 _axxxiv, 988p.
650 _aintensive nursing care
_vhandbooks, manuals
650 _anursing care plans
942 _2lcc
_cBK